Básnik Andrej Sládkovič

Bibliographic Details
Main Author: Kraus, Cyril, 1928-2012 (Author)
Format: Article
Language:Slovak
Subjects:

MARC

LEADER 00000naa a2200000 ar4500
001 vtls009335417
003 SK-MaSNL
005 20260302144623.0
008 080918c1970 xo |r|p|||||||000 b|slo
015 |a SNBRA2008/08  |2 snkbucl 
038 |a SNKBUCL 
040 |a SNKBUCL  |b slo  |c SNKBUCL  |e AACR2 
041 0 |a slo 
044 |a xo  |c SK 
080 |a 82(091):821.162.4"18"  |2 2001 
080 |a 821.162.4  |x (091)  |x "18"  |2 2001 
080 |a 82:929:821.162.4  |2 2001 
080 |a 821.162.4:929  |2 2001 
080 |a 929 Sládkovič, Andrej  |2 2001 
100 1 |a Kraus, Cyril,  |d 1928-2012  |4 aut  |9 14532 
245 1 0 |a Básnik Andrej Sládkovič  |c Cyril Kraus 
600 1 7 |a Sládkovič, Andrej,  |d 1820-1872  |2 snkbucl  |9 17115 
648 7 |a 19. stor.  |2 snkbucl  |9 278793 
650 0 7 |a slovenská poézia  |2 snkbucl  |9 215422 
655 7 |a štúdie  |2 snkbucl  |9 57033 
773 0 |t Na vlastný čas sa odvolaj : na 150. výročie narodenia Andreja Sládkoviča  |d Bratislava : Obzor, 1970  |g S. 9-56 
852 |a SNK  |b KIS3GCP 
958 |a LX 
958 |a SK 
958 |a PBCK2008 
999 |c 1350113  |d 1352043